La teoría del cambio tecnológico y las economías dependientes (Registro nro. 16142)

Detalles MARC
000 -LEADER
fixed length control field 00353 a2200109 4500
001 - CONTROL NUMBER
control field ART_3015
005 - DATE AND TIME OF LATEST TRANSACTION
control field 20260410161712.0
008 - FIXED-LENGTH DATA ELEMENTS--GENERAL INFORMATION
fixed length control field 260409a
100 1# - MAIN ENTRY--PERSONAL NAME
Personal name Monza, Alfredo
245 10 - TITLE STATEMENT
Title La teoría del cambio tecnológico y las economías dependientes
773 0# - HOST ITEM ENTRY
Title Desarrollo económico
Related parts - Vol. 12, Nº 46 (jul./sep. 1972)
Record control number REV1174

No hay ítems disponibles.